Principles of software testing/ (Record no. 40593)
[ view plain ]
| 000 -LEADER | |
|---|---|
| fixed length control field | 00773nam a22002057a 4500 |
| 005 - DATE AND TIME OF LATEST TRANSACTION | |
| control field | 20100810120419.0 |
| 010 ## - LCCN (DPL NO) | |
| LC control number | ENG-99109 |
| 020 ## - INTERNATIONAL STANDARD BOOK NUMBER | |
| International Standard Book Number | 9789380243337 |
| Terms of availability | 130.00 |
| 035 ## - SYSTEM CONTROL NUMBER | |
| System control number | En-82641 |
| 037 ## - SOURCE OF ACQUISITION | |
| Source of stock number/acquisition | DBAD/PUB |
| 082 ## - DEWEY DECIMAL CLASSIFICATION NUMBER | |
| Classification number | 005.14 |
| 100 ## - MAIN ENTRY--PERSONAL NAME | |
| Personal name | Sundaram,Meenakshi |
| 245 ## - TITLE STATEMENT | |
| Title | Principles of software testing/ |
| Statement of responsibility, etc | by Meenakshi Sundaram |
| 260 ## - PUBLICATION, DISTRIBUTION, ETC. (IMPRINT) | |
| Place of publication, distribution, etc | Tiruchirappalli |
| Name of publisher, distributor, etc | Raja Publications |
| Date of publication, distribution, etc | 2009 |
| 270 ## - ADDRESS | |
| Address | 4/1,S.S.H.Shelter, Hazarath Abdul Salam Street |
| City | Khajanagar |
| Postal code | 620020 |
| 300 ## - PHYSICAL DESCRIPTION | |
| Extent | 132p. |
| Dimensions | 22cm (pbk) |
| 650 ## - SUBJECT ADDED ENTRY--TOPICAL TERM | |
| Topical term or geographic name as entry element | Computer Softwares Testing |
| 942 ## - ADDED ENTRY ELEMENTS (KOHA) | |
| Source of classification or shelving scheme | Dewey Decimal Classification |
| Item type | English Books |
| Classification part | 005.14 |
| Call number suffix | SUN |
| Withdrawn status | Lost status | Not for loan | Collection code | Home library | Current library | Date acquired | Source of acquisition | Cost, normal purchase price | Full call number | Barcode | Cost, replacement price | Koha item type |
|---|---|---|---|---|---|---|---|---|---|---|---|---|
| Not For Loan | Non-fiction | D.B.Act.Division | D.B.Act.Division | 10/08/2010 | DBAD / PUB | 130.00 | 005.14 SUN | EN-82641 | 130.00 | English Books |
